El concepto de la conciencia
Enregistré dans:
| Auteur principal: | |
|---|---|
| Format: | Livre |
| Langue: | espagnol |
| Publié: |
Ciudad de México
Fondo de Cultura Económica
1989
|
| Collection: | Biblioteca de psicología y psicoanálisis
|
| Sujets: | |
| Tags: |
Ajouter un tag
Pas de tags, Soyez le premier à ajouter un tag!
|
MARC
| LEADER | 00000nam a2200000 a 4500 | ||
|---|---|---|---|
| 001 | UCY0398 | ||
| 003 | CL-VaPUC | ||
| 008 | 940729e19890000MX |||||||||||||||||spa|d | ||
| 082 | 0 | 4 | |a 153 |b KLE |2 21 |
| 100 | 0 | |a Klein, David Ballin |e author |9 328086 | |
| 245 | 1 | 3 | |a El concepto de la conciencia |
| 300 | |a 288 p | ||
| 942 | |c BK | ||
| 945 | |d 19940729 00:00:00 |a rbrito | ||
| 260 | |a Ciudad de México |b Fondo de Cultura Económica |c 1989 | ||
| 650 | 7 | |a CONCIENCIA PSICOLOGIA |2 CL-VaPUC |9 326246 | |
| 583 | |a last modification |c 19940729 00:00:00 |k Rodrigo Vera | ||
| 490 | 0 | |a Biblioteca de psicología y psicoanálisis | |
| 999 | |c 229400 |d 229398 | ||
| 952 | |0 0 |1 0 |4 0 |6 153_000000000000000_KLE_1989 |7 0 |8 A |9 230492 |a BIBEDU |b BIBEDU |d 2019-11-15 |i 2996332 |o 153 KLE 1989 |p 2996332 |r 2019-11-15 |w 2019-11-15 |y BK |k PSI | ||
| 952 | |0 0 |1 0 |4 0 |6 153_000000000000000_KLE_1989 |7 0 |8 A |9 230493 |a BIBCUR |b BIBCUR |d 2019-11-15 |i 3591328 |l 7 |m 11 |o 153 KLE 1989 |p 3591328 |r 2025-04-22 |s 2022-09-20 |w 2019-11-15 |y BK |k PER | ||